Информационная система поддержки принятия инвестиционных решений для руководителей предприятий; Информационные технологии в науке, управлении, социальной сфере и медицине; Ч. 1

Bibliografski detalji
Parent link:Информационные технологии в науке, управлении, социальной сфере и медицине: сборник научных трудов III Международной научной конференции, 23-26 мая 2016 г., Томск.— , 2016
Ч. 1.— 2016.— [С. 152-156]
Glavni autor: Гнедаш Е. В.
Autor kompanije: Национальный исследовательский Томский политехнический университет (ТПУ)
Sažetak:Заглавие с титульного экрана
The article describes a model intended to help top level officers of organizations in their in-vestment decision making. A hierarchy of criteria is proposed for evaluation of investment projects. The phases of the investment decision support process are described. To estimate project financial attractiveness, we propose to use the analytic hierarchy process and the integral method as mathematical tools, which, in contrast to other tools, employ knowledge and experience of experts for evaluation of qualitative performance indicators.
Jezik:ruski
Izdano: 2016
Serija:Информационные системы и технологии
Teme:
Online pristup:http://earchive.tpu.ru/handle/11683/31537
Format: Elektronički Poglavlje knjige
KOHA link:https://koha.lib.tpu.ru/cgi-bin/koha/opac-detail.pl?biblionumber=619348

MARC

LEADER 00000naa2a2200000 4500
001 619348
005 20231101133045.0
035 |a (RuTPU)RU\TPU\conf\17765 
035 |a RU\TPU\conf\17764 
090 |a 619348 
100 |a 20160818d2016 k y0rusy50 ca 
101 0 |a rus 
102 |a RU 
105 |a y z 101zy 
135 |a drgn ---uucaa 
181 0 |a i  
182 0 |a b 
200 1 |a Информационная система поддержки принятия инвестиционных решений для руководителей предприятий  |d A model to support investment decision making  |f Е. В. Гнедаш 
203 |a Текст  |c электронный 
225 1 |a Информационные системы и технологии 
230 |a 1 компьютерный файл (pdf; 582 Kb) 
300 |a Заглавие с титульного экрана 
320 |a [Библиогр.: с. 156 (6 назв.)] 
330 |a The article describes a model intended to help top level officers of organizations in their in-vestment decision making. A hierarchy of criteria is proposed for evaluation of investment projects. The phases of the investment decision support process are described. To estimate project financial attractiveness, we propose to use the analytic hierarchy process and the integral method as mathematical tools, which, in contrast to other tools, employ knowledge and experience of experts for evaluation of qualitative performance indicators. 
461 1 |0 (RuTPU)RU\TPU\conf\17281  |t Информационные технологии в науке, управлении, социальной сфере и медицине  |o сборник научных трудов III Международной научной конференции, 23-26 мая 2016 г., Томск  |o в 2 ч.  |d 2016 
463 1 |0 (RuTPU)RU\TPU\conf\17283  |t Ч. 1  |f Национальный исследовательский Томский политехнический университет (ТПУ) ; ред. кол. О. Г. Берестнева ; О. М. Гергет ; Т. А. Гладкова  |v [С. 152-156]  |d 2016 
510 1 |a A model to support investment decision making  |z eng 
610 1 |a труды учёных ТПУ 
610 1 |a электронные ресурсы 
610 1 |a инвестиционные проекты 
610 1 |a сравнительный анализ 
610 1 |a информационные системы 
610 1 |a инвестиционные решения 
610 1 |a информационные системы 
700 1 |a Гнедаш  |b Е. В. 
712 0 2 |a Национальный исследовательский Томский политехнический университет (ТПУ)  |c (2009- )  |2 stltpush  |3 (RuTPU)RU\TPU\col\15902 
801 2 |a RU  |b 63413507  |c 20170210  |g RCR 
856 4 |u http://earchive.tpu.ru/handle/11683/31537 
942 |c BK